<?xml version="1.0" encoding="UTF-8"?><?xml-stylesheet type="text/xsl" href="static/style.xsl"?><OAI-PMH xmlns="http://www.openarchives.org/OAI/2.0/" xmlns:xsi="http://www.w3.org/2001/XMLSchema-instance" xsi:schemaLocation="http://www.openarchives.org/OAI/2.0/ http://www.openarchives.org/OAI/2.0/OAI-PMH.xsd"><responseDate>2026-04-13T04:07:16Z</responseDate><request verb="GetRecord" identifier="oai:www.recercat.cat:2099.1/15243" metadataPrefix="marc">https://recercat.cat/oai/request</request><GetRecord><record><header><identifier>oai:recercat.cat:2099.1/15243</identifier><datestamp>2025-07-22T23:41:50Z</datestamp><setSpec>com_2072_1033</setSpec><setSpec>col_2072_452951</setSpec></header><metadata><record xmlns="http://www.loc.gov/MARC21/slim" xmlns:dcterms="http://purl.org/dc/terms/" xmlns:xsi="http://www.w3.org/2001/XMLSchema-instance" xmlns:doc="http://www.lyncode.com/xoai" xsi:schemaLocation="http://www.loc.gov/MARC21/slim http://www.loc.gov/standards/marcxml/schema/MARC21slim.xsd">
   <leader>00925njm 22002777a 4500</leader>
   <datafield ind2=" " ind1=" " tag="042">
      <subfield code="a">dc</subfield>
   </datafield>
   <datafield ind2=" " ind1=" " tag="720">
      <subfield code="a">Martínez Alonso, Montserrat</subfield>
      <subfield code="e">author</subfield>
   </datafield>
   <datafield ind2=" " ind1=" " tag="720">
      <subfield code="a">Vilagut Saiz, Gemma</subfield>
      <subfield code="e">author</subfield>
   </datafield>
   <datafield ind2=" " ind1=" " tag="260">
      <subfield code="c">2005-02</subfield>
   </datafield>
   <datafield ind2=" " ind1=" " tag="520">
      <subfield code="a">1.1 Català&#xd;
Aquest Projecte Final de Carrera de la Llicenciatura en Ciències i Tècniques&#xd;
estadístiques tracta dues situacions que poden estar presents quan es dissenyen grans&#xd;
enquestes de salut com són les enquestes amb disseny complexe i/o amb disseny en&#xd;
dues fases. Amb disseny complexe fem referència a dissenys estratificats i/o multietàpics&#xd;
amb diferents probabilitats de selecció. Estudis en dues fases són aquells que no&#xd;
avaluen el resultat d’interès en tota la mostra sinó en una submostra seleccionada en&#xd;
base a la informació obtinguda durant la primera fase de l’estudi. Quan la recollida de&#xd;
dades fa servir qualsevol d’aquestes metodologies és necessari tenir en compte certes&#xd;
consideracions per tal d’evitar estimacions esbiaixades i inferències errònees, donat que,&#xd;
en totes dues situacions, el disseny mostral té efecte tant en l’estimació puntual com en&#xd;
la seva variança. Al llarg d’aquest document exposem i apliquem els mètodes estadístics&#xd;
més freqüents per analizar les dades en cada situació: la linearització en sèrie de Taylor i&#xd;
les tècniques de replicació, i els estimadors d’imputació i re-ponderació, respectivament.&#xd;
1.2 English&#xd;
.&#xd;
This final thesis for the Degree in Statistical Sciences and Techniques addresses two&#xd;
common situations that can be present when large health surveys are designed, i.e. the&#xd;
complex design surveys and studies with a two-phase design. By complex design we&#xd;
mean a stratified and/or multi-stage design with different probabilities of selection. Twophase&#xd;
studies are those that do not assess the outcome of interest in the whole sample&#xd;
but in a selected subsample based on information obtained in a first phase of the study.&#xd;
When any of these methodologies are applied in data collection, special considerations&#xd;
need to be taken into account in the analysis in order to avoid biased estimations and&#xd;
false inferences, since in the two situations, the sample design affects both the point&#xd;
estimation as well as the variance. Along this document we expose and apply some of&#xd;
the most commonly used statistical methods to analyze data in each of these situations:&#xd;
the Taylor series linearization and the replication techniques, and the imputation and reweighting&#xd;
estimators, respectively.</subfield>
   </datafield>
   <datafield tag="653" ind2=" " ind1=" ">
      <subfield code="a">Àrees temàtiques de la UPC::Matemàtiques i estadística::Estadística matemàtica</subfield>
   </datafield>
   <datafield tag="653" ind2=" " ind1=" ">
      <subfield code="a">Mathematical statistics</subfield>
   </datafield>
   <datafield tag="653" ind2=" " ind1=" ">
      <subfield code="a">Enquestes -- Mètodes estadístics</subfield>
   </datafield>
   <datafield tag="653" ind2=" " ind1=" ">
      <subfield code="a">Salut pública -- Enquestes -- Mètodes estadístics</subfield>
   </datafield>
   <datafield tag="653" ind2=" " ind1=" ">
      <subfield code="a">Classificació AMS::62 Statistics</subfield>
   </datafield>
   <datafield ind2="0" ind1="0" tag="245">
      <subfield code="a">Data analysis in surveys with complex sampling design : an aplication to the ESEMed Projet</subfield>
   </datafield>
</record></metadata></record></GetRecord></OAI-PMH>